01319nam a2200253 4500008004100000020001800041020001500059024001500074040000900089050002000098100002000118245007000138260006000208300002900268650003700297650003400334942003000368999001700398952013000415952013000545952013000675952013000805952013000935260323b |||||||| |||| 00| 0 eng d a9780520313460 a0520313461 a1476592312 aMksU aJC49 b.A8 1961 aAsad, Muhammad, aThe principles of state and government in Islam /cMuhammad Asad. aLos Angeles :bUniversity of California Press, cc1961. axiii, 107 pages ;c23 cm aConstitutional law (Islamic law) aConstitutional law zPakistan 2lcchJC49 .A8 1961cBOOKS c32380d32380 00102lcc4070aMUCbMUCcGENd2015-10-16eDonation- Falcong1585.00l0oJC49 .A8 1961p40328r2026-06-10w2026-03-24yBOOKS 00102lcc4070aMUCbMUCcGENd2015-10-16eDonation- Falcong1585.00l0oJC49 .A8 1961p40329r2026-06-10w2026-03-24yBOOKS 00102lcc4070aMUCbMUCcGENd2015-10-16eDonation- Falcong1585.00l0oJC49 .A8 1961p40330r2026-06-10w2026-03-24yBOOKS 00102lcc4070aMUCbMUCcGENd2015-10-16eDonation- Falcong1585.00l0oJC49 .A8 1961p40331r2026-06-10w2026-03-24yBOOKS 00102lcc4070aMUCbMUCcGENd2015-10-16eDonation- Falcong1585.00l0oJC49 .A8 1961p40332r2026-06-10w2026-03-24yBOOKS